1997 British Speedway Teams - Statistics

General Stats
  • This quiz has been taken 4 times
  • The average score is 14 of 38
Answer Stats
Hint Answer % Correct
Elite League Poole Pirates
100%
Elite League Belle Vue Aces
67%
Premier League Berwick Bandits
67%
Elite League Coventry Bees
67%
Elite League Eastbourne Eagles
67%
Premier League Glasgow Tigers
67%
Premier League Newcastle Diamonds
67%
Premier League Oxford Cheetahs
67%
Elite League Peterborough Panthers
67%
Premier League Reading Racers
67%
Premier League Sheffield Tigers
67%
Elite League Swindon Robins
67%
Premier League Arena-Essex Hammers
33%
Amateur League Belle Vue Colts
33%
Amateur League Berwick Border Raiders
33%
Elite League Bradford Dukes
33%
Premier League Edinburgh Monarchs
33%
Premier League Exeter Falcons
33%
Elite League Ipswich Witches
33%
Elite League Kings Lynn Stars
33%
Amateur League M4 Raven Sprockets
33%
Premier League Newport Wasps
33%
Amateur League Oxford Cubs
33%
Amateur League Peterborough Thundercats
33%
Amateur League Ryde Wight Wizards
33%
Amateur League Shuttle Cubs
33%
Premier League Skegness Braves
33%
Elite League Wolverhampton Wolves
33%
Amateur League Anglian Angels
0%
Amateur League Buxton Hitmen
0%
Premier League Hull Vikings
0%
Premier League Isle Of Wight Islanders
0%
Amateur League Lathallan Lightning
0%
Premier League Long Eaton Invaders
0%
Amateur League Mildenhall Fen Tigers
0%
Amateur League St. Austell Gulls
0%
Premier League Stoke Potters
0%
Amateur League Western Warriors
0%
No matching quizzes found
Score Distribution
Percent of People with Each Score
Percentile by Number Answered
Your Score History
You have not taken this quiz